Score 0/24 Timer 08:00
0 Plays Today
% Correct
The Shining
80.2%
Schindler's List
75.1%
Misery
67.8%
All the President's Men
64.4%
Fear and Loathing in Las Vegas
63%
The Perks of Being a Wallflower
58.6%
9 to 5
53%
The Help
52.8%
You've Got Mail
50.4%
Sherlock Holmes: A Game of Shadows
49.8%
Finding Forrester
45%
Trumbo
41%
% Correct
Adaptation.
40.9%
Love Actually
40.7%
Good Night, and Good Luck.
39.6%
Barton Fink
36.7%
Moulin Rouge!
35%
Saving Mr. Banks
32.9%
Sunset Boulevard
30.1%
Stranger Than Fiction
29.3%
His Girl Friday
26.9%
Taxi Driver
25%
L.A. Confidential
24%
Atonement
17.9%
Remove Ads.
Support Sporcle.
Get the best of Sporcle when you Go Orange. This ad-free experience offers more features, more stats, and more fun while also helping to support Sporcle. Thank you for becoming a member.

You're not logged in!

Compare scores with friends on all Sporcle quizzes.
OR
Log In

Show Comments

Extras

Top Quizzes Today


Score Distribution

Your Account Isn't Verified!

In order to create a playlist on Sporcle, you need to verify the email address you used during registration. Go to your Sporcle Settings to finish the process.

Report this User

Report this user for behavior that violates our Community Guidelines.

Details: